Asesinato en la cancha de afuera

Gorde:
Xehetasun bibliografikoak
Egile nagusia: Bustamante Urcelay, Oscar (Egilea)
Formatua: Liburua
Hizkuntza:gaztelania
Argitaratua: Santiago Catalonia 2007
Edizioa:5a. ed
Saila:Narrativas
Gaiak:
Etiketak: Etiketa erantsi
Etiketarik gabe, Izan zaitez lehena erregistro honi etiketa jartzen!

MARC

LEADER 00000cam a2200000 a 4500
001 UCG9007
003 CL-VaPUC
008 120120e20070000CL |||||||||||||||||spa|d
020 |a 9789568303525 
082 0 4 |a Ch863  |b BUS  |2 21 
100 0 |a Bustamante Urcelay, Oscar  |e author  |9 560330 
245 1 0 |a Asesinato en la cancha de afuera 
250 |a 5a. ed 
300 |a 143 p 
942 |c BK 
945 |d 20120120 00:00:00  |a cmena 
260 |a Santiago  |b Catalonia  |c 2007 
650 0 |a Novelas chilenas   |9 265425 
650 0 |a Literatura chilena   |9 308278 
583 |a last modification  |c 20120120 10:38:00  |k Rodrigo Vera 
490 0 |a Narrativas 
999 |c 346592  |d 346590 
952 |0 0  |1 0  |4 0  |6 CH_863_000000000000000_BUS_2007  |7 0  |8 A  |9 447338  |a FDOPOS  |b FDOPOS  |d 2019-11-22  |i 4814142  |o Ch863 BUS 2007  |p 4814142  |r 2025-01-22  |w 2019-11-22  |y BK  |k DLH